[Event "23rd Bosna it"]
[Site "Sarajevo YUG"]
[Date "1984.04.03"]
[Round "12"]
[White "Romanishin, Oleg"]
[Black "Drasko, Milan"]
[Result "1/2-1/2"]
[WhiteElo "2580"]
[BlackElo "2440"]
[EventDate "1984.03.19"]
[PlyCount "71"]

1.d4 Nf6 2.c4 e6 3.Nf3 Bb4+ 4.Bd2 Qe7 5.g3 Nc6 6.Nc3 d5 7.cxd5 exd5 8.Bg2 
O-O 9.O-O Re8 10.Re1 Bf5 11.Rc1 Be4 12.a3 Bxc3 13.Bxc3 Nd7 14.Bh3 Bxf3 15.
exf3 Qd6 16.Bf1 Rxe1 17.Qxe1 Nf8 18.Qd2 Qf6 19.Qd3 a6 20.Bg2 g6 21.f4 Rd8 
22.Rd1 Ne6 23.b4 Na7 24.a4 c5 25.Rc1 Nc8 26.Qe3 Nd6 27.Qe5 Kg7 28.Bf1 b5 
29.a5 Nc4 30.Qxf6+ Kxf6 31.Kg2 Ke7 32.Kf3 f5 33.Ke2 Ng7 34.Kd3 Ne8 35.f3 
Rd6 36.Re1+ 1/2-1/2

[Event "23rd Bosna it"]
[Site "Sarajevo YUG"]
[Date "1984.04.03"]
[Round "12"]
[White "Popovic, Petar"]
[Black "Timman, Jan"]
[Result "1-0"]
[WhiteElo "2515"]
[BlackElo "2610"]
[EventDate "1984.03.19"]
[PlyCount "85"]

1.e4 e5 2.Nf3 Nc6 3.Bb5 a6 4.Ba4 Nf6 5.O-O Nxe4 6.d4 b5 7.Bb3 d5 8.dxe5 
Be6 9.c3 Bc5 10.Nbd2 O-O 11.Bc2 Bf5 12.Nb3 Bg6 13.Nfd4 Bxd4 14.cxd4 a5 15.
Be3 a4 16.Nd2 a3 17.Nxe4 axb2 18.Rb1 Bxe4 19.Rxb2 Qd7 20.Bd3 Bxd3 21.Qxd3 
Rfb8 22.Rfb1 b4 23.Rc1 Rb6 24.Qb1 h6 25.h3 Ra7 26.Rc5 Na5 27.Rxb4 Nc4 28.
Rb3 Rab7 29.Kh2 c6 30.Ra5 Qc8 31.Ra4 Qb8 32.Rxb6 Rxb6 33.Qf5 Qb7 34.Bc1 
Rb5 35.Qg4 Kh7 36.Ba3 Kg8 37.Bc5 Nd2 38.Ra7 Qb8 39.Qf4 f6 40.Qg4 Rb7 41.
Rxb7 Qxb7 42.exf6 Ne4 43.Qxg7+ 1-0

[Event "23rd Bosna it"]
[Site "Sarajevo YUG"]
[Date "1984.04.03"]
[Round "12"]
[White "Kurajica, Bojan"]
[Black "Velimirovic, Dragoljub"]
[Result "1-0"]
[WhiteElo "2495"]
[BlackElo "2500"]
[EventDate "1984.03.19"]
[PlyCount "81"]

1.Nf3 c5 2.c4 g6 3.g3 Bg7 4.Bg2 Nc6 5.O-O e5 6.Nc3 Nge7 7.Rb1 a6 8.a3 Rb8 
9.Qa4 Nd4 10.b4 b5 11.cxb5 axb5 12.Qa5 cxb4 13.Qxd8+ Kxd8 14.Rxb4 Nec6 15.
Rb1 Nxf3+ 16.Bxf3 Ba6 17.Bg2 Re8 18.d3 h6 19.Nd5 f5 20.Be3 Nd4 21.Bd2 
Nxe2+ 22.Kh1 Re6 23.Ba5+ Ke8 24.Nc7+ Kf7 25.Nxe6 Kxe6 26.Rfd1 b4 27.Bc7 
Rc8 28.Rxb4 Rxc7 29.Rb6+ d6 30.Rxa6 Nd4 31.Ra5 Rc2 32.Bd5+ Kf6 33.Ra7 g5 
34.Rd7 Rxf2 35.Rxd6+ Ke7 36.Ra6 Rb2 37.Rc1 e4 38.Rc7+ Kd8 39.Rxg7 Rb1+ 40.
Kg2 Rb2+ 41.Kf1 1-0

[Event "23rd Bosna it"]
[Site "Sarajevo YUG"]
[Date "1984.04.03"]
[Round "12"]
[White "Hulak, Krunoslav"]
[Black "Lobron, Eric"]
[Result "1/2-1/2"]
[WhiteElo "2510"]
[BlackElo "2520"]
[EventDate "1984.03.19"]
[PlyCount "108"]

1.Nf3 Nf6 2.c4 e6 3.Nc3 d5 4.d4 Be7 5.Bg5 h6 6.Bxf6 Bxf6 7.e3 O-O 8.Rc1 c6
9.Bd3 Nd7 10.cxd5 exd5 11.b4 a6 12.O-O Be7 13.Qb3 Re8 14.a4 Nf6 15.b5 Bd6 
16.bxc6 bxc6 17.Qc2 Ra7 18.Bf5 Rc7 19.Rfd1 Bb7 20.Qb3 g6 21.Bh3 Kg7 22.g3 
Bc8 23.Bg2 Rb7 24.Qa2 Bf5 25.Nh4 Bg4 26.Bf3 Qa5 27.Bxg4 Nxg4 28.Qe2 Nf6 
29.Qc2 Reb8 30.Rb1 Rb4 31.Rdc1 Rc4 32.Rxb8 Bxb8 33.Qb3 Bd6 34.Nf3 Ne4 35.
Ne2 Rb4 36.Qc2 Rc4 37.Qb3 Rb4 38.Qc2 Rb6 39.Nf4 Ba3 40.Ra1 Bb2 41.Rb1 Qc3 
42.Qd1 Qa3 43.Ne2 c5 44.dxc5 Rf6 45.Qxd5 Qxa4 46.Nfd4 Nxf2 47.c6 Bxd4 48.
Nxd4 Ng4 49.c7 Nxe3 50.Ne6+ Rxe6 51.Qxe6 Qc2 52.Qe5+ Kh7 53.Qb2 Qxc7 54.
Qb7 1/2-1/2

[Event "23rd Bosna it"]
[Site "Sarajevo YUG"]
[Date "1984.04.05"]
[Round "13"]
[White "Kortschnoj, Viktor"]
[Black "Kurajica, Bojan"]
[Result "1-0"]
[WhiteElo "2635"]
[BlackElo "2495"]
[EventDate "1984.03.19"]
[PlyCount "89"]

1.Nf3 Nf6 2.c4 e6 3.g3 d5 4.Bg2 a6 5.b3 Bd6 6.Bb2 Qe7 7.O-O Nbd7 8.d4 dxc4
9.bxc4 c5 10.e3 O-O 11.Ne5 Rd8 12.Qe2 Nf8 13.f4 Ne8 14.Nd2 cxd4 15.exd4 
Ba3 16.Bc3 f6 17.Nd3 Rb8 18.Rab1 b5 19.c5 a5 20.Nb3 a4 21.Na5 Bd7 22.Bb4 
Bxb4 23.Nxb4 Nc7 24.Nac6 Bxc6 25.Nxc6 Qd7 26.Rfd1 f5 27.Qe5 Rbc8 28.Qd6 
Re8 29.Na7 Rcd8 30.Bc6 Qe7 31.Qxe7 Rxe7 32.Nxb5 Nxb5 33.Bxb5 Ra7 34.a3 Nd7
35.Re1 Kf7 36.Rb4 Nf6 37.Bc6 Rc7 38.Bf3 Ra7 39.Rc1 Nd5 40.Bxd5 exd5 41.Re1
Rdd7 42.Re5 g6 43.Kf2 h5 44.h4 Ra8 45.Rb6 1-0

[Event "23rd Bosna it"]
[Site "Sarajevo YUG"]
[Date "1984.04.05"]
[Round "13"]
[White "Marjanovic, Slavoljub"]
[Black "Van der Wiel, John"]
[Result "1/2-1/2"]
[WhiteElo "2525"]
[BlackElo "2515"]
[EventDate "1984.03.19"]
[PlyCount "28"]

1.e4 c5 2.Nf3 d6 3.c3 Nf6 4.h3 e6 5.Bd3 Nc6 6.Bc2 Bd7 7.O-O Be7 8.Qe2 O-O 
9.Rd1 Rc8 10.d3 Re8 11.Nbd2 Bf8 12.Nf1 e5 13.Bg5 h6 14.Bxf6 Qxf6 1/2-1/2

[Event "23rd Bosna it"]
[Site "Sarajevo YUG"]
[Date "1984.04.05"]
[Round "13"]
[White "Timman, Jan"]
[Black "Djuric, Stefan"]
[Result "1-0"]
[WhiteElo "2610"]
[BlackElo "2500"]
[EventDate "1984.03.19"]
[PlyCount "51"]

1.e4 c5 2.Nf3 e6 3.d4 cxd4 4.Nxd4 a6 5.Bd3 Bc5 6.Nb3 Bb6 7.Qe2 Nc6 8.Be3 
Nf6 9.Bxb6 Qxb6 10.e5 Nd5 11.N1d2 Nf4 12.Qe4 Qb4 13.Bc4 Ng6 14.c3 Qe7 15.
f4 d5 16.exd6 Qxd6 17.O-O b5 18.f5 Nge7 19.fxe6 f5 20.Qd3 Qe5 21.Rae1 bxc4
22.Nxc4 Qd5 23.Nd6+ Kd8 24.Nf7+ Ke8 25.Qxd5 Nxd5 26.Nxh8 1-0

[Event "23rd Bosna it"]
[Site "Sarajevo YUG"]
[Date "1984.04.05"]
[Round "13"]
[White "Dizdar, Goran"]
[Black "Romanishin, Oleg"]
[Result "1/2-1/2"]
[WhiteElo "2465"]
[BlackElo "2580"]
[EventDate "1984.03.19"]
[PlyCount "44"]

1.d4 Nf6 2.c4 e5 3.dxe5 Ng4 4.Bf4 Nc6 5.Nf3 Bb4+ 6.Nbd2 Qe7 7.a3 Ngxe5 8.
Nxe5 Nxe5 9.e3 Bxd2+ 10.Qxd2 d6 11.c5 dxc5 12.Qd5 Ng6 13.Bb5+ c6 14.Bxc6+ 
bxc6 15.Qxc6+ Qd7 16.Qe4+ Qe6 17.Qxa8 Nxf4 18.O-O Nd3 19.Qxa7 O-O 20.b4 
cxb4 21.axb4 Nxb4 22.Rab1 Nc6 1/2-1/2

[Event "23rd Bosna it"]
[Site "Sarajevo YUG"]
[Date "1984.04.05"]
[Round "13"]
[White "Velimirovic, Dragoljub"]
[Black "Hulak, Krunoslav"]
[Result "1-0"]
[WhiteElo "2500"]
[BlackElo "2510"]
[EventDate "1984.03.19"]
[PlyCount "59"]

1.e4 c5 2.Nf3 e6 3.d4 cxd4 4.Nxd4 Nf6 5.Nc3 d6 6.Bb5+ Nbd7 7.f4 a6 8.Bxd7+
Qxd7 9.g4 d5 10.e5 Ne4 11.Nxe4 dxe4 12.Be3 Qd5 13.Nb3 Qc4 14.Qe2 Qa4 15.
O-O-O Be7 16.Kb1 Qc6 17.Rhf1 O-O 18.f5 f6 19.exf6 Bxf6 20.g5 Be5 21.Bd4 
Bc7 22.f6 e5 23.fxg7 Rf4 24.Rxf4 exf4 25.Nc5 e3 26.Qc4+ Be6 27.Qxe6+ Qxe6 
28.Nxe6 e2 29.Re1 f3 30.Bf2 1-0